Sur Sansar \ (Record no. 526914)

000 -LEADER
fixed length control field 00440nam a22001817a 4500
003 - CONTROL NUMBER IDENTIFIER
control field NUST
020 ## - INTERNATIONAL STANDARD BOOK NUMBER
International Standard Book Number -
038 ## - RECORD CONTENT LICENSOR
Staff Name Zafar Malik
082 ## - DEWEY DECIMAL CLASSIFICATION NUMBER
Classification number 780
Author Mark ALI
100 ## - MAIN ENTRY--PERSONAL NAME
Personal name Ali, Shahbaz
9 (RLIN) 17918
245 ## - TITLE STATEMENT
Title Sur Sansar \
Statement of responsibility, etc. Shahbaz Ali
260 ## - PUBLICATION, DISTRIBUTION, ETC.
Place of publication, distribution, etc. Rawalpindi :
Name of publisher, distributor, etc. Ali Publications ;
Date of publication, distribution, etc. 2002.
300 ## - PHYSICAL DESCRIPTION
Extent 222 p. ;
500 ## - GENERAL NOTE
General note Paperback
880 ## - ALTERNATE GRAPHIC REPRESENTATION
Linkage 100-02\r
Title شہباز علی
880 ## - ALTERNATE GRAPHIC REPRESENTATION
Linkage 245-02\r
Title سر سنسار
942 ## - ADDED ENTRY ELEMENTS (KOHA)
Source of classification or shelving scheme
Koha item type Book
Holdings
Withdrawn status Lost status Source of classification or shelving scheme Damaged status Not for loan Permanent Location Current Location Shelving location Date acquired Total Checkouts Full call number Barcode Date last seen Price effective from Koha item type
          Central Library (CL) Central Library (CL) Biographies 07/17/2019   780 ALI CL-E990 07/17/2019 07/17/2019 Book
© 2023 Central Library, National University of Sciences and Technology. All Rights Reserved.